Robert Bresson Films - Statistics

General Stats
  • This quiz has been taken 21 times
  • The average score is 8 of 13
Answer Stats
Hint Answer % Correct
1966 Au Hasard Balthazar
100%
1983 L'Argent
100%
1959 Pickpocket
94%
1967 Mouchette
88%
1951 Diary of a Country Priest
82%
1977 The Devil, Probably
76%
1956 A Man Escaped
71%
1962 The Trial of Joan of Arc
59%
1974 Lancelot of the Lake
53%
1943 Angels of Sin
35%
1971 Four Nights of a Dreamer
35%
1969 A Gentle Woman
29%
1945 Les Dames du Bois de Boulogne
24%
No matching quizzes found
Score Distribution
Percent of People with Each Score
Percentile by Number Answered
Your Score History
You have not taken this quiz